000 00842nam a2200241 u 4500
005 20250819063920.0
008 170529s2005 ea r 000 0 spa d
020 _a958682585X
035 _aUPN01000218237
049 _aCG
050 4 _aHD1333.5
_bD4.2
100 1 _aDeininger, Klaus
_940688
245 1 0 _aAcceso a la tierra, desarrollo y reducción de la pobreza /
_cKlaus Deininger ; tr. Teresa Niño Torres.
260 _aWashington :
_bBanco Mundial,
_c2005.
300 _a64 p. :
_bil., gráfs., cuadros
440 0 _aDesarrollo para todos ;
_v7
534 _pTítulo original:
_tLand reform revisited : development for all series
650 4 _aREFORMA AGRARIA -
_zPAISES EN DESARROLLO
_926042
650 2 _aTenencia de la tiera
_952
650 2 _aPobreza -
_zPaíses en desarrollo
_91201
905 _aLibro
999 _c190337
_d190337